Energy-efficient electrical systems for buildings / Moncef Krarti. (Record no. 22588)

000 -LEADER
fixed length control field 01393nam a2200205 4500
020 ## - INTERNATIONAL STANDARD BOOK NUMBER
ISBN 9781032233833
082 ## - DEWEY DECIMAL CLASSIFICATION NUMBER
Classification number 621.31924
Item number K89 2024
100 ## - MAIN ENTRY--AUTHOR NAME
Personal name Krarti, Moncef, author.
245 ## - TITLE STATEMENT
Title Energy-efficient electrical systems for buildings / Moncef Krarti.
250 ## - EDITION STATEMENT
Edition statement 2nd edition.
260 ## - PUBLICATION, DISTRIBUTION, ETC. (IMPRINT)
Place of publication Boca Raton, FL :
Name of publisher CRC Press,
Year of publication c2024.
300 ## - PHYSICAL DESCRIPTION
Number of Pages 1 online resource, xi, 567 pages :
Other physical details illustrations.
490 ## - SERIES STATEMENT
Series statement Mechanical and Aerospace Engineering Series.
500 ## - GENERAL NOTE
General note Includes bibliographical references and index.
520 ## - SUMMARY, ETC.
Summary, etc Energy-Efficient Electrical Systems for Buildings, Second Edition offers systematic and practical approaches to design and analyze electrical distribution and utilization systems in buildings. It considers safety and energy efficiency, focusing on sustainability and resiliency, to design electrical distribution systems for buildings. The book is intended for senior undergraduate mechanical, civil, and electrical engineering students taking courses in Electrical Systems for Buildings and Design of Building Electrical Systems. It features a new chapter on the optimal design energy efficient and resilient power systems and new chapter problems, examples, and case studies.
650 ## - SUBJECT ADDED ENTRY--TOPICAL TERM
Topical Term Buildings--Electric equipment.
650 ## - SUBJECT ADDED ENTRY--TOPICAL TERM
Topical Term Electric apparatus and appliances--Energy consumption.
650 ## - SUBJECT ADDED ENTRY--TOPICAL TERM
Topical Term Buildings--Power supply.
942 ## - ADDED ENTRY ELEMENTS (KOHA)
Koha item type Electronic Books
Holdings
Source of acquisition Permanent Location Date acquired Collection code Koha item type Lost status Shelving location Withdrawn status Current Location Full call number
DonationCagayan State University - Carig Library2026-04-16E-BooksElectronic Books E-Resource Section Cagayan State University - Carig Library621.31924 K89 2024

Cagayan State University University Library, Carig Campus
Tuguegarao City, Cagayan 3500 | www.csucarig.edu.ph

Powered by Koha